Optimalizácia štruktúry závlahových sietí ako prostriedok zvyšovania ekonomickej efektívnosti poľnohospodárskej výroby kandidátska dizertačná práca
Salvato in:
| Autore principale: | |
|---|---|
| Ente Autore: | |
| Altri autori: | |
| Natura: | Libro |
| Lingua: | slovacco |
| Pubblicazione: |
Nitra
1994
|
| Soggetti: | |
| Tags: |
Nessun Tag, puoi essere il primo ad aggiungerne!!
|
MARC
| LEADER | 00000nam a2200000 4500 | ||
|---|---|---|---|
| 001 | c009954 | ||
| 005 | 20221221130419.9 | ||
| 041 | 0 | |a slo | |
| 044 | |a SK | ||
| 245 | 1 | 0 | |a Optimalizácia štruktúry závlahových sietí ako prostriedok zvyšovania ekonomickej efektívnosti poľnohospodárskej výroby |b kandidátska dizertačná práca |c Jozef Bojňanský ; Škol. Imrich Okenka |
| 264 | 1 | |a Nitra |c 1994 | |
| 300 | |a 116 s. | ||
| 610 | 2 | 0 | |a poľnohospodárstvo |
| 610 | 2 | 0 | |a výroba rastlinná |
| 610 | 2 | 0 | |a efektívnosť ekonomická |
| 610 | 2 | 0 | |a modelovanie matematické |
| 100 | 1 | |a Bojňanský, Jozef | |
| 700 | 1 | |a Okenka, Imrich | |
| 710 | 2 | |a Vysoká škola poľnohospodárska | |